| 000 | 07062nam a22006857a 4500 | ||
|---|---|---|---|
| 005 | 20110209121750.0 | ||
| 020 |
_a8170701945 _c99.90 |
||
| 020 |
_a9788170701941 _c99.90 |
||
| 035 | _aB-431750-789 | ||
| 037 | _bBlueberry Books | ||
| 082 | _a921 | ||
| 100 |
_aManorama Jafa _929709 |
||
| 245 |
_aGandhi: _cby Manorama Jafa; illustrated by Deepak Harichandan _bthe man of peace / |
||
| 260 |
_aDelhi by Ruskin Bond; illustrated by _bRatna Sagar _c2009 |
||
| 270 |
_aVirat Bhavan, Commercial Complex, Mukherjee Nagar, _bDelhi _e110009 |
||
| 300 |
_a95p. _c25cm (pbk) |
||
| 700 |
_aHarichandan, Deepak _925780 |
||
| 942 |
_2ddc _cCH _mMAN _h921 |
||
| 999 |
_c50382 _d50382 |
||